NEC Nijmegen 2025/26 Squad - Statistics

General Stats
  • This quiz has been taken 17 times
  • The average score is 18 of 29
Answer Stats
Hint Answer % Correct
GK Jasper Cillessen
100%
FW Bryan Linssen
93%
GK Gonzalo Crettaz
93%
FW Koki Ogawa
87%
DF Phillipe Sandler
87%
FW Sami Ouaissa
87%
FW Basar Onal
80%
MF Dirk Proper
80%
MF Kodai Sano
80%
MF Tjaronn Chery
80%
DF Ahmetcan Kaplan
73%
MF Darko Nejasmic
73%
FW Kento Shiogai
73%
DF Brayann Pereira
67%
DF Bram Nuytinck
60%
DF Deveron Fonville
60%
DF Eli Dasa
60%
MF Noe lebreton
60%
DF Jetro Willems
53%
GK Rijk Janse
53%
FW Virgil Misidjan
53%
DF Thomas Ouwejan
47%
MF Vito van Crooij
40%
FW Youssef El Kachati
40%
MF Sam de Laat
33%
FW Rober Gonzalez
27%
FW Luc Nieuwenhuijs
20%
MF Argyris Darelas
13%
DF Yousri Sbai
13%
No matching quizzes found
Score Distribution
Percent of People with Each Score
Percentile by Number Answered
Your Score History
You have not taken this quiz